| 000 | 01002nas a2200325 4500 | ||
|---|---|---|---|
| 001 | BR0303659 | ||
| 003 | BR-BrBNA | ||
| 005 | 20231205103924.0 | ||
| 007 | ta | ||
| 008 | 230509b bl.|||p| |||| 00| 00por d | ||
| 040 |
_aBR-BrBNA _bpor _cBiblioteca Nacional de Agricultura |
||
| 041 | _a(Pt) | ||
| 072 | _aE14; E16 | ||
| 100 | 1 | _aLopes, M. de R. | |
| 100 | 1 | _aSouza, G. da S. e | |
| 100 | 1 | _aRocha, D. de P. | |
| 100 | 1 | _aLopes, I.V. | |
| 100 | 1 | _aHonczar, G. | |
| 245 | 1 | _aQuem e como decidem os agricultores líderes da agropecuária brasileira | |
| 650 | _aAGRICULTURA | ||
| 650 | _aPECUÁRIA | ||
| 650 | _aPOLÍTICA GOVERNAMENTAL | ||
| 650 | _aANALISE ECONÔMICA | ||
| 650 | _aDADOS ESTATÍSTICOS | ||
| 650 | _aAGRIBUSINESS | ||
| 773 | 0 |
_tRevista de Política Agrícola (Brazil) _x _g(Apr-Jun 2002), v. 11(2) p. 21-30 _wBR0303659 |
|
| 856 | 4 |
_uRev_Pol_Agr_v11_n2-2002.pdf#page=22 _yRecurso eletrônico (PDF) |
|
| 909 |
_a202311 _bLúcia _c55 _dLúcia Elande |
||
| 942 |
_2AGRIS _n0 _cANA |
||
| 999 |
_c175446 _d175446 |
||